Score 0/8 Timer 04:00
0 Plays Today
Celebrity Name % Correct
Pirates of the Caribbean actor who played the Trojan prince Paris in the 2004 movie 'Troy' Bloom
80.6%
Paired up with Ben Stiller in the 2004 movies 'Starsky and Hutch' and 'Meet the Fockers'Wilson
80.6%
His 2004 album 'Confessions' spawned four consecutive Billboard number-one hits including 'Yeah!'Usher
76.1%
In 2004 she reprised her role in 'Bridget Jones's Diary' in its sequel 'Bridget Jones: The Edge of Reason'Zellweger
73.1%
Played George Costanza on 'Seinfeld' and appeared in the 2004 musical adaptation of 'A Christmas Carol'Alexander
65.7%
Was beat out by 17-year-old newcomer Maria Sharapova in the 2004 Wimbledon ChampionshipsWilliams
61.2%
His clothing chain established with Ezra H. Fitch was sued in 2004 for favoring white applicants in desirable positionsAbercrombie
58.2%
North Carolina senator who was the Democratic nominee for Vice President in 2004Edwards
52.2%
Remove Ads.
Support Sporcle.
Get the best of Sporcle when you Go Orange. This ad-free experience offers more features, more stats, and more fun while also helping to support Sporcle. Thank you for becoming a member.

You're not logged in!

Compare scores with friends on all Sporcle quizzes.
OR
Log In

Show Comments

Extras

Top Quizzes Today


Score Distribution

Your Account Isn't Verified!

In order to create a playlist on Sporcle, you need to verify the email address you used during registration. Go to your Sporcle Settings to finish the process.

Report this User

Report this user for behavior that violates our Community Guidelines.

Details: